| 000 | 00619 a2200181 4500 | ||
|---|---|---|---|
| 020 | _a0521853109 | ||
| 020 | _a9780521853101 | ||
| 082 | 0 | 4 | _a532.05 |
| 090 |
_c272 _d272 |
||
| 100 | 1 | _aBennett, Andrew. | |
| 245 | 1 | 0 |
_aLagrangian fluid dynamics / _cAndrew Bennett. |
| 260 |
_a[S.l.] : _bCambridge University Press, _c2006. |
||
| 300 |
_a308 p. ; _c23 cm. |
||
| 490 | 1 | _aCambridge monographs on mechanics. | |
| 830 | 0 | _aCambridge monographs on mechanics. | |
| 942 |
_aSNS _cBK _k532.05 BEN |
||
| 999 |
_c28907 _d28907 |
||